000 00505nam a2200157Ia 4500
003 SGT
020 _a9788177000009
082 _a621.38115
_bCHA
100 _aChakrabarti,A
245 _aCircuit Theory
260 _bDhanpat Rai & Co.
_aN. Delhi
_c2010
300 _a1007p.
650 _a ELECTRONICS
653 _aCIRCUIT ELEMENTS AND ENERGY SOURCES, ANALYSIS OF NETWORK BY KIRCHHOFF'S LAWS,NODE AND MESH ANALYSIS, NETWORK THEOREMS, SINUSOIDAL STEADY STATE ANALYSIS OF RLC CIRCUITS
942 _2ddc
_cBK
_02
999 _c5123
_d5123